| 000 | 01177cam a22002895a 4500 | ||
|---|---|---|---|
| 001 | L160116 | ||
| 008 | 170725s2016 xxk f 000 0 eng d | ||
| 035 | _a(Sirsi) u160116 | ||
| 041 | 0 | _aeng | |
| 110 | 2 |
_aRoyal Institution of Chartered Surveyors _94900 |
|
| 245 | 0 | 4 |
_aThe hub and the place _bAn international study of the processes and stimulants of large transport hubs and the effects on urban developments in the UK, China and India _h[electronic resource] |
| 260 |
_aLondon _bRICS _c2016 |
||
| 490 | 0 | _aRICS Research | |
| 520 | _aTakes an in-depth look at the issues related to infrastructure delivery, by examining three case studies of rail transport hubs and their surrounding environment and urban development in the UK, China and India. | ||
| 590 | _aNTK | ||
| 650 | 2 | 4 | _aRAIL PROJECTS |
| 650 | 2 | 4 | _aTRANSPORT HUBS |
| 650 | 2 | 4 | _aURBAN DEVELOPMENT |
| 650 | 2 | 4 |
_aInfrastructure _96246 |
| 651 | _aUnited Kingdom | ||
| 651 | 4 | _aChina | |
| 651 | 4 | _aIndia | |
| 700 | 1 | _aPryke, Stephen | |
| 700 | 1 | _aBadi, Sulafa | |
| 856 | 4 | 0 |
_uhttps://www.isurv.com/downloads/file/8250/the_hub_and_the_place _zArchived on isurv (subscription required) |
| 942 |
_n0 _2ddc |
||
| 999 |
_c116231 _d116231 |
||